[Event "23rd World Seniors 2013"]
[Site "Opatija CRO"]
[Date "2013.11.19"]
[Round "7.61"]
[White "Falk,Th"]
[Black "Norman,D"]
[Result "1-0"]
[WhiteElo "2131"]
[BlackElo "1800"]

1.Nf3 d5 2.g3 Nf6 3.d3 c6 4.Bg2 Bf5 5.Nbd2 h6 6.b3 e6 7.Bb2 Be7 8.O-O O-O
9.c4 a5 10.a3 Na6 11.Ra2 Bh7 12.Qa1 Nc7 13.Ne5 Nce8 14.Ndf3 Nd7 15.Nxd7 Qxd7
16.Ne5 Qd8 17.Rc1 Nf6 18.Bc3 Re8 19.b4 axb4 20.axb4 Rxa2 21.Qxa2 Nd7 22.Nxd7 Qxd7
23.Qb2 Bf8 24.c5 Ra8 25.Ra1 Qc8 26.f4 f5 27.Be5 Bg6 28.e3 Kf7 29.Bf1 Kg8
30.d4 Be8 31.Ra3 Rxa3 32.Qxa3 Bd7 33.Qa7 Be7 34.Qb8 Qxb8 35.Bxb8 Kf7 36.Bc7 Ke8
37.Be2 g6 38.Kf2 h5 39.Kg2 Bf6 40.Kf2 Bc8 41.Ke1 Kd7 42.Be5 Bd8 43.Kf2 Ke8
44.Bg7 Kf7 45.Bh6 Bd7 46.Bg5 Bc7 47.h3 Be8 48.g4 hxg4 49.hxg4 Bd7 50.Kg3 Be8
51.Kf2 Bd7 52.gxf5 exf5 53.Ke1 Ke6 54.Kd2 b6 55.e4 b5 56.Bd1 Be8 57.e5 Bd7
58.Ke3 Be8 59.Kf3 Bf7 60.Kg3 Be8 61.Kh4 Bf7 62.Bf6 Be8 63.Kg5 Bf7 64.Kh6 Be8
65.Kg7 Bf7 66.Kf8 Bb8 67.Bd8 g5 68.fxg5 Bg6 69.Kg7 Be8 70.g6 Bxe5+ 71.dxe5 Kxe5
72.Bh5 f4 73.Kf8  1-0

[Event "23rd World Seniors 2013"]
[Site "Opatija CRO"]
[Date "2013.11.19"]
[Round "7.28"]
[White "Neumann,J"]
[Black "Kolbak,J"]
[Result "1/2-1/2"]
[WhiteElo "2175"]
[BlackElo "2271"]

1.Nf3 d5 2.g3 Nf6 3.Bg2 e6 4.d4 Be7 5.O-O O-O 6.c4 c6 7.Nc3 Nbd7 8.b3 b6
9.Bb2 Bb7 10.Qd3 c5 11.cxd5 exd5 12.Ne5 cxd4 13.Nxd7 dxc3 14.Nxf6+ Bxf6 15.Bxc3 Bxc3
16.Qxc3 d4  1/2-1/2

[Event "Piestany Open 2013"]
[Site "Piestany SVK"]
[Date "2013.11.19"]
[Round "2.19"]
[White "Hrivnakova,A"]
[Black "Sajtlava,I"]
[Result "0-1"]
[WhiteElo "1667"]
[BlackElo "1845"]

1.Nf3 d5 2.g3 Nf6 3.Bg2 g6 4.O-O Bg7 5.c4 c6 6.cxd5 cxd5 7.d4 O-O 8.Nc3 Nc6
9.Bf4 Bf5 10.a3 Rc8 11.Re1 Ne4 12.Rc1 Nxc3 13.bxc3 Be4 14.Qd2 Na5 15.Qa2 Nc4
16.Nd2 Bxg2 17.Kxg2 Qd7 18.Nxc4 Rxc4 19.e4 e6 20.Bd2 Rfc8 21.Qb3 dxe4 22.Rxe4 Qd5
23.f3 Rxd4 24.Qxd5 Rxd5 25.Be3 b6 26.Ra4 Rd3 27.Kf2 Rd7 28.c4 Bf8 29.Ke2 Bc5
30.Bxc5 Rxc5 31.Rb4 Re5+ 32.Kf2 Rd2+ 33.Kg1 Ree2 34.Rcb1 Rg2+ 35.Kf1 Rxh2
36.a4 Rh1+  0-1

[Event "Piestany Open 2013"]
[Site "Piestany SVK"]
[Date "2013.11.19"]
[Round "2.3"]
[White "Petran,Pe"]
[Black "Szaraz,V"]
[Result "1-0"]
[WhiteElo "2321"]
[BlackElo "1971"]

1.g3 d5 2.Nf3 e6 3.Bg2 Nf6 4.O-O Be7 5.c4 O-O 6.b3 Nbd7 7.Bb2 b6 8.d4 Bb7
9.Nc3 dxc4 10.bxc4 a6 11.a4 h6 12.Qd3 c5 13.d5 exd5 14.cxd5 Bd6 15.Rad1 Ne5
16.Nxe5 Bxe5 17.f4 Bb8 18.e4 Re8 19.e5 Nh7 20.Ne4 Qd7 21.a5 Qb5 22.Qxb5 axb5
23.axb6 Ra2 24.Nxc5 Bxd5 25.Rxd5 Rxb2 26.Rfd1 Kf8 27.Rd8 Bxe5 28.fxe5 Ra2
29.Rxe8+  1-0

[Event "Chennai GM Open 2013"]
[Site "Chennai IND"]
[Date "2013.11.20"]
[Round "7.5"]
[White "Neverov,V"]
[Black "Ravi,TeS"]
[Result "1/2-1/2"]
[WhiteElo "2508"]
[BlackElo "2302"]

1.Nf3 d5 2.g3 Nf6 3.Bg2 Bf5 4.c4 dxc4 5.Qa4+ c6 6.Qxc4 e6 7.Nh4 Bg4 8.h3 Bh5
9.g4 Bg6 10.Nxg6 hxg6 11.Nc3 Nbd7 12.d4 Qc7 13.Bd2 Nb6 14.Qb3 Nbd5 15.e4 Nb4
16.a3 Na6 17.Be3 Qb6 18.Qc2 Qa5 19.O-O Be7 20.b4 Qc7 21.f4 O-O 22.Rac1 Qd7
23.e5 Nd5 24.Nxd5 cxd5 25.f5 gxf5 26.gxf5 Rac8 27.fxe6 fxe6 28.Qg6 Rxc1 29.Rxc1 Bd8
30.Qg4 Nc7 31.h4 Qf7 32.Rf1 Qe7 33.h5 Rxf1+ 34.Bxf1 Qh4 35.Qg6 Qe4 36.Qxe4 dxe4
37.Bg2 Nd5 38.Kf2 Nxe3 39.Kxe3 Bg5+ 40.Kxe4 b5 41.Kd3 Bc1 42.Bc6 Bxa3 43.Kc3 Bc1
44.Bxb5 Kf7 45.Bc4 Ke7 46.b5 Be3 47.Kd3 Bc1 48.Kc3 Be3 49.Bf1 Kf7 50.Bh3 Ke7
51.Bg4 Bg1 52.Kd3 Bf2 53.Ke4 Bg1 54.Bd1 Bf2 55.Bb3 Bg1 56.Ba2 Bf2 57.Bc4 Bg1
58.Ba2 Bf2 59.Bb3 Bg1 60.Bxe6 Kxe6 61.d5+ Kd7 62.Kf5 Bd4 63.Kf4 Bb2 64.Ke4 Ba1
65.Kf5 Bc3 66.Ke4  1/2-1/2

[Event "23rd World Seniors 2013"]
[Site "Opatija CRO"]
[Date "2013.11.20"]
[Round "8.36"]
[White "Theting,H"]
[Black "Schmidt,Ger1"]
[Result "0-1"]
[WhiteElo "1979"]
[BlackElo "2237"]

1.Nf3 d5 2.g3 Nf6 3.Bg2 c6 4.O-O Bf5 5.d3 e6 6.Nbd2 h6 7.Qe1 Nbd7 8.e4 dxe4
9.dxe4 Bh7 10.Qe2 Qc7 11.a3 Be7 12.h3 O-O 13.e5 Nd5 14.c4 N5b6 15.b3 Rfd8
16.Bb2 Nc5 17.Rfd1 Rd7 18.Bd4 Rad8 19.Qe3 Na6 20.c5 Nd5 21.Qe1 Nxc5 22.b4 Na4
23.Rac1 Bd3 24.Nb3 Bb5 25.Bf1 a6 26.Rc2 Bf8 27.Rdc1 Ne7 28.Qe4 Qb8 29.g4 g6
30.Bc4 b6 31.Nbd2 c5 32.bxc5 bxc5 33.Be3 Bc6 34.Qf4 Nb6 35.Ne4 Bxe4 36.Qxe4 Ned5
37.Bd2 Nxc4 38.Qxc4 Qb7 39.Ba5 Rb8 40.Nd2 Qb5 41.Ne4 Qxa5  0-1

[Event "ch-VIE 2013"]
[Site "Ho Chi Minh City VIE"]
[Date "2013.11.21"]
[Round "4.2"]
[White "Doan Van Duc"]
[Black "Dao Thien Hai"]
[Result "0-1"]
[WhiteElo "2107"]
[BlackElo "2512"]

1.Nf3 d5 2.g3 c6 3.Bg2 Bg4 4.h3 Bh5 5.d3 Nd7 6.O-O e6 7.e4 Bd6 8.Nbd2 Ne7
9.d4 O-O 10.c3 Bc7 11.Qb3 Rb8 12.Re1 b5 13.a4 a5 14.Nh2 Bg6 15.Nhf1 Nf6 16.exd5 bxa4
17.Qxa4 cxd5 18.Ne3 Nd7 19.Qa2 Kh8 20.b3 f5 21.Nef1 f4 22.g4 e5 23.dxe5 Nxe5
24.Nf3 Nd3 25.Re2 Nc6 26.Ba3 Re8 27.Nd4 Nxd4 28.Rxe8+ Qxe8 29.cxd4 Be4 30.Rd1 Bxg2
31.Kxg2 Qe4+ 32.Kg1 Ne1 33.Rxe1 Qxe1 34.Qc2 Bb6 35.Qf5 Qe4 36.Qf7 Qxd4  0-1

[Event "23rd World Seniors 2013"]
[Site "Opatija CRO"]
[Date "2013.11.21"]
[Round "9.62"]
[White "Singer,H"]
[Black "Ramos,C"]
[Result "1/2-1/2"]
[WhiteElo "2177"]
[BlackElo "2009"]

1.Nf3 d5 2.g3 Nf6 3.Bg2 e6 4.O-O Be7 5.d4 O-O 6.c4 c6 7.Qc2 Nbd7 8.Rd1 Ne4
9.Nbd2 f5 10.Ne1 Bg5 11.Ndf3 Bxc1 12.Raxc1 Ndf6 13.Nd3 Bd7 14.Nfe5 Be8 15.f3 Nd6
16.Nf2 Nd7 17.Qd2 Nxe5 18.dxe5 Nf7 19.cxd5 cxd5 20.e4 fxe4 21.fxe4 Nxe5 22.exd5 Bh5
23.Re1 Rxf2 24.Qxf2 Nd3 25.Qd4 Nxc1 26.Rxc1 exd5 27.Qxd5+ Qxd5 28.Bxd5+ Kf8
29.Bxb7 Rd8 30.Rc8 Rxc8 31.Bxc8 Bf7 32.a3 Ke7 33.Kf2 Kd6 34.Ke3 Kc5 35.Ba6 Bc4
36.b4+ Kd5 37.Bb7+ Ke5 38.a4 Bb3 39.a5 Bc4 40.Bc6 Kd6 41.Be4 h6 42.Kd4 Ba6
43.Bd5 Bb5 44.Bc4 Be8 45.b5 Bd7 46.Bf1 Be8 47.Kc4 Bf7+ 48.Kb4 Bd5 49.Bh3 Bb7
50.Bf1 Bf3 51.h4 g5 52.hxg5 hxg5 53.Kc4 Bb7 54.Kd4 Bd5 55.Bd3 Bf3 56.b6 axb6
57.axb6 Bg4 58.Be4 Bd7 59.b7 Kc7 60.Ke5 g4 61.Bf5 Bc6 62.Bc8 Bg2 63.Kf5 Bf3
64.Kg5 Kb8  1/2-1/2

[Event "23rd World Seniors 2013"]
[Site "Opatija CRO"]
[Date "2013.11.21"]
[Round "9.34"]
[White "Sorensen,B"]
[Black "Archangelsky,M"]
[Result "1-0"]
[WhiteElo "2247"]
[BlackElo "2162"]

1.Nf3 d5 2.g3 c6 3.Bg2 Bg4 4.b3 Nd7 5.Bb2 e6 6.d3 Ngf6 7.Nbd2 Be7 8.e4 O-O
9.h3 Bh5 10.Qe2 a5 11.a3 Qb6 12.O-O a4 13.b4 c5 14.exd5 exd5 15.Qxe7 Rae8
16.Bxf6 Rxe7 17.Bxe7 Re8 18.Rfe1 Rc8 19.Rab1 Qc7 20.bxc5 Nxc5 21.Nd4 Ne6
22.Nxe6 fxe6 23.Rxe6 Qxc2 24.Bg5 Bf7 25.Re7 Qxd3 26.Rbxb7 Rf8 27.Nf3 Qxa3
28.Ne5 Qa1+ 29.Kh2 a3 30.Bxd5 h6 31.Rxf7 Rxf7 32.Bxf7+  1-0

[Event "ch-PAR 2013"]
[Site "Asuncion URU"]
[Date "2013.11.22"]
[Round "5.6"]
[White "Bergonzi,O"]
[Black "Kropff,R"]
[Result "0-1"]
[WhiteElo "2064"]
[BlackElo "2215"]

1.Nf3 d5 2.g3 c6 3.d3 Bg4 4.Nbd2 Nd7 5.h3 Bh5 6.Bg2 e5 7.e4 dxe4 8.dxe4 Ngf6
9.O-O Bc5 10.c3 a5 11.Qe2 O-O 12.a4 Re8 13.Re1 Bf8 14.Qc4 Nc5 15.g4 Bg6 16.Nh4 Nfxe4
17.Nxg6 Nxd2 18.Bxd2 hxg6 19.Be3 Qd3 20.Qa2 Qc2 21.Bf1 Qb3 22.Qb1 Nxa4 23.Qe4 Nc5
24.Bxc5 Bxc5 25.Bc4 Qxb2 26.Qf3 Re7 27.Ra2 Qb6 28.Qe4 Kf8 29.h4 Qd8 30.Rae2 Qd6
31.Kg2 Qf6 32.f3 Rd8 33.h5 Qf4 34.hxg6 Qxe4 35.fxe4 fxg6 36.Kg3 b5 37.Rf1+ Ke8
38.Ba2 Rd3+ 39.Kh4 Be3 40.g5 Bf4 41.Rg2 Rxc3 42.Rh1 Rd7 43.Kg4 Rdd3 44.Rh8+ Ke7
45.Rg8 Rg3+ 46.Rxg3 Rxg3+ 47.Kh4 Rxg5 48.Rxg7+ Kd6 49.Rf7 Rg2 50.Rf6+ Kc5
51.Bf7 Bg5+  0-1

[Event "29th Voivoda Cup"]
[Site "Legnica POL"]
[Date "2013.11.22"]
[Round "2"]
[White "Romanishin,O"]
[Black "Sabuk,P"]
[Result "1/2-1/2"]
[WhiteElo "2497"]
[BlackElo "2300"]

1.Nf3 d5 2.g3 Nf6 3.Bg2 e6 4.d4 Be7 5.c4 O-O 6.Qc2 c6 7.O-O b6 8.Nbd2 Bb7
9.b3 Nbd7 10.Bb2 Rc8 11.e4 Nxe4 12.Nxe4 dxe4 13.Qxe4 Ba8 14.Rad1 Bf6 15.Qc2 Qc7
16.Bc1 c5 17.Bf4 e5 18.dxe5 Nxe5 19.Nxe5 Bxe5 20.Bxe5 Qxe5 21.Bxa8 Rxa8 22.Rd7 g6
23.Rfd1 Rfe8 24.Kg2 Re7 25.R1d5 Qe6 26.Rxe7 Qxe7 27.Qd3 a5 28.Rd7 Qe5 29.Rxf7 Kxf7
30.Qf3+ Kg7 31.Qb7+ Kf6 32.Qxa8 Qc7 33.h4 Qd7 34.a4 h5 35.Qf8+ Ke6 36.Qf4 Ke7
37.Qe5+ Kf7 38.Qe4 Qd6 39.Qe2 Kg7 40.Qf3 Qe6 41.Kf1 Kh7 42.Qb7+ Kh6 43.Qc7 Qh3+
44.Ke1 Qh1+ 45.Kd2 Qf1 46.Qf7 Qa1 47.Qf4+ Kh7 48.Qf3 Qb1 49.Ke2 Kg7 50.Qc3+ Kh7
51.Qd3 Qh1 52.Qd7+ Kh6 53.Qd5 Qb1 54.Qd3 Qh1 55.Kd2 Kh7 56.Qd7+ Kh6 57.Qe8 Qa1
58.Qe3+ Kh7 59.Qc3 Qf1 60.Ke3 Qb1 61.Qd3 Qe1+ 62.Kf3 Qh1+ 63.Kf4 Qa1 64.Kf3 Qh1+
65.Ke2 Qa1 66.Qe3 Qb1 67.Kf3 Qf5+ 68.Kg2 Qf6 69.Qe4 Qd6 70.g4 hxg4 71.Qxg4 Qe5
72.Qf3 Qe6 73.h5 gxh5 74.Qxh5+ Kg7 75.Qg5+ Kh7 76.Qh4+ Kg7 77.Qg3+ Kf8 78.Qf4+ Kg7
79.Kg3 Qe7 80.Qg4+ Kf7 81.Qf5+ Kg7 82.Kf4 Kh6 83.Qe5 Qh4+ 84.Ke3 Qh3+ 85.f3 Qf1
86.Qf6+ Kh5 87.Qh8+ Kg6 88.Qc3 Kf7 89.Kf4 Qg2 90.Qd3 Qh2+ 91.Ke4 Ke7 92.Qe3 Ke6
93.Kd3+ Kf6 94.Qe4 Qb2 95.Qc6+ Kf5 96.Qd7+ Kf6 97.Qd6+ Kf5 98.Qf8+ Ke6 99.Qh6+ Kf5
100.Qh5+ Ke6 101.Qg6+ Ke7 102.Qxb6 Qd4+ 103.Ke2 Qb2+ 104.Kf1 Qc1+ 105.Ke2 Qb2+
106.Kf1 Qc1+ 107.Kg2 Qg5+ 108.Kf1  1/2-1/2

[Event "TCh-SWE Elitserien 2013-14"]
[Site "Sweden SWE"]
[Date "2013.11.22"]
[Round "1.2"]
[White "Eriksson,A"]
[Black "Lund,E"]
[Result "1-0"]
[WhiteElo "2310"]
[BlackElo "2414"]

1.Nf3 d5 2.g3 Nc6 3.d4 Bg4 4.Bg2 e6 5.O-O Nf6 6.c4 Bd6 7.Nc3 O-O 8.Bg5 dxc4
9.Qa4 h6 10.Bxf6 Qxf6 11.Rad1 e5 12.Qxc4 Bxf3 13.Bxf3 Nxd4 14.Bxb7 Rab8 15.Qa6 Bb4
16.Nd5 Qxa6 17.Bxa6 Rfd8 18.Nxb4 Rxb4 19.b3 Kf8 20.Kg2 Rd6 21.Bc4 Ke7 22.e3 Ne6
23.f4 exf4 24.exf4 Rbb6 25.Rde1 Kf6 26.Re5 g5 27.Ra5 gxf4 28.Rxa7 Rd2+ 29.Rf2 Rxf2+
30.Kxf2 fxg3+ 31.Kxg3 Ke5 32.Ra5+ c5 33.Bxe6 fxe6 34.Rxc5+ Kd4 35.Rc4+ Ke3
36.Rc3+ Kd4 37.Rc1 e5 38.Kf2 e4 39.Ke2 Rg6 40.Rc4+ Kd5 41.Ke3 Rg4 42.Rd4+ Ke5
43.Ra4 Rh4 44.Ra5+ Kd6 45.Kd4 h5 46.Rd5+ Kc6 47.Rc5+ Kb6 48.Rc2 Kb5 49.a3 Rh3
50.Rb2 e3 51.Re2 Rh4+ 52.Kc3 Rh3 53.Kd3 Kc5 54.b4+ Kb5 55.Rxe3 Rxh2 56.Re5+ Kc6
57.a4 Ra2 58.Rc5+ Kd6 59.a5 h4 60.Rh5 h3 61.Kc4 h2 62.Kb5 Rb2 63.Rh7 Kd5
64.a6 Kd4 65.a7 Ra2 66.Kb6 Kc4 67.Rh4+ Kd5 68.Rxh2  1-0

[Event "ch-VIE 2013"]
[Site "Ho Chi Minh City VIE"]
[Date "2013.11.23"]
[Round "7.4"]
[White "Duong The Anh"]
[Black "Ton,T"]
[Result "1/2-1/2"]
[WhiteElo "2348"]
[BlackElo "2242"]

1.Nf3 d5 2.g3 g6 3.Bg2 Bg7 4.O-O e5 5.d3 Ne7 6.Nbd2 O-O 7.e4 dxe4 8.dxe4 b6
9.b3 Ba6 10.Re1 Nbc6 11.Bb2 Qd7 12.Nf1 Rad8 13.Qxd7 Rxd7 14.Bh3 Rdd8 15.c3 Bd3
16.Ba3 Rfe8 17.Rad1 Bf8 18.N1d2 Bc2 19.Rc1 Bd3 20.Rcd1 Bc2 21.Rc1 Bd3 22.Rcd1 Bc2
23.Rc1 Bd3 24.Rcd1  1/2-1/2

[Event "British Rapidplay 2013"]
[Site "Leeds ENG"]
[Date "2013.11.23"]
[Round "6.3"]
[White "Ghasi,A"]
[Black "Cobb,J"]
[Result "1-0"]
[WhiteElo "2466"]
[BlackElo "2424"]

1.Nf3 d5 2.g3 Nf6 3.Bg2 e6 4.O-O Be7 5.d3 O-O 6.Nbd2 c5 7.e4 Nc6 8.Qe2 b6
9.c3 Ba6 10.e5 Ne8 11.Re1 b5 12.h4 b4 13.c4 Rc8 14.b3 Nc7 15.Bb2 Bb7 16.Nf1 a5
17.Ne3 a4 18.Rad1 a3 19.Bc1 f6 20.exf6 Bxf6 21.Ng4 Bc3 22.Rf1 Qd6 23.Be3 Rf5
24.Ngh2 Rcf8 25.Bh3 R5f6 26.Bg2 Ba8 27.d4 cxd4 28.Nxd4 Bxd4 29.Bxd4 Nxd4
30.Rxd4 e5 31.Rdd1 d4 32.Ng4 Re6 33.Bxa8 Rxa8 34.Qe4 Rae8 35.Rfe1 Qf8 36.Qb7 Qf5
37.f3 R8e7 38.Nf2 Ne8 39.Qe4 Qf7 40.c5 Nf6 41.Qf5 g6 42.Qg5 Nd5 43.Rd3 Ne3
44.Rexe3 dxe3 45.Qxe3 e4 46.Nxe4 Qe8 47.Rd4 Qb5 48.Rc4 Qd7 49.Rd4 Qb5 50.Rc4 Qd7
51.Qd4 Qxd4+ 52.Rxd4 Kf7 53.Ng5+ Kf6 54.Nxe6  1-0

[Event "23rd World Seniors 2013"]
[Site "Opatija CRO"]
[Date "2013.11.23"]
[Round "11.10"]
[White "Karasev,Vl"]
[Black "Medancic,R"]
[Result "1/2-1/2"]
[WhiteElo "2377"]
[BlackElo "2244"]

1.Nf3 d5 2.g3 c6 3.Bg2 Bf5 4.Nh4 Bc8 5.f4 Nd7 6.O-O Ngf6 7.d3 Qb6+ 8.Kh1 e6
9.e4 dxe4 10.dxe4 Be7 11.Nd2 Qc7 12.e5 Nd5 13.Ne4 b5 14.b3 N7b6 15.a4 b4
16.a5 Nd7 17.Qd4 O-O 18.Bb2 Ba6 19.Rfd1 Rad8 20.Nd6 c5 21.Qf2 Nc3 22.Bxc3 bxc3
23.Qe3 f6 24.exf6 Rxf6 25.Ne4 Rh6 26.Nf3 c4 27.Qxc3 Bb7 28.Re1 Nf6 29.Neg5 Ng4
30.Nxe6 Bf6 31.Qxf6 gxf6 32.Nxc7 Rd2 33.h4 Rf2 34.Rf1 Rxc2 35.Ne1 Bxg2+ 36.Nxg2 cxb3
37.Nd5 b2 38.Rae1 Nf2+ 39.Kg1 Nd3 40.Re8+ Kf7 41.Re7+ Kf8 42.Rb7 f5 43.Ne1 Nxe1
44.Rxe1 Rg6 45.Rb3 Rxg3+ 46.Rxg3 Rc1 47.Nc3 Rxe1+ 48.Kh2 b1=Q 49.Nxb1 Rxb1
50.Rc3 Kf7 51.Rc7+ Kg6 52.Rxa7 Rb4 53.Kg3 h6 54.Ra6+ Kh5 55.Rb6 Ra4 56.a6 Ra3+
57.Kf2 Kxh4 58.Rxh6+ Kg4 59.Ke2 Kxf4 60.Kd2 Kg3 61.Rg6+ Kf3 62.Kc2 f4 63.Kb2 Ra5
64.Kb3 Ke2 65.Kb4 Ra1 66.Re6+ Kf2 67.Kb5 f3  1/2-1/2

[Event "23rd World Seniors 2013"]
[Site "Opatija CRO"]
[Date "2013.11.23"]
[Round "11.81"]
[White "Pressl,Harald,Dr"]
[Black "Acosta,M USA"]
[Result "1-0"]
[WhiteElo "1802"]
[BlackElo "1978"]

1.Nf3 d5 2.g3 c6 3.Bg2 Bg4 4.h3 Bh5 5.d3 Nd7 6.O-O e5 7.e4 dxe4 8.dxe4 Bc5
9.Nbd2 Ngf6 10.Qe2 Qc7 11.Nc4 O-O-O 12.a3 h6 13.b4 Bd4 14.Bb2 Bxb2 15.Nxb2 g5
16.Qe3 Kb8 17.Nh2 Bg6 18.a4 Ne8 19.c4 f6 20.c5 h5 21.Rfd1 Bf7 22.Rd3 h4 23.g4 Ng7
24.Rad1 Ne6 25.Qd2 Nd4 26.Nf3 Nxf3+ 27.Bxf3 Rhe8 28.Rxd7  1-0

[Event "Piestany Open 2013"]
[Site "Piestany SVK"]
[Date "2013.11.23"]
[Round "7.6"]
[White "Jablonicky,F"]
[Black "Gombar,P"]
[Result "1-0"]
[WhiteElo "2173"]
[BlackElo "1972"]

1.Nf3 d5 2.g3 Nf6 3.Bg2 c6 4.O-O g6 5.b3 Bg7 6.Bb2 O-O 7.d3 Nbd7 8.Nbd2 Qc7
9.c4 dxc4 10.Nxc4 Nd5 11.Bxg7 Kxg7 12.Qc2 N7f6 13.Rfe1 Rd8 14.a3 Be6 15.Ng5 Qc8
16.Qb2 Kg8 17.Rad1 h6 18.Nxe6 Qxe6 19.e4 Nb6 20.Na5 Rab8 21.d4 Qd7 22.Qc2 e6
23.b4 Qc8 24.Nb3 Nbd7 25.f4 Nb6 26.Rf1 Ng4 27.Qe2 f5 28.h3 Nf6 29.g4 fxe4
30.Bxe4 Nxe4 31.Qxe4 Kf7 32.f5 gxf5 33.gxf5 Rg8+ 34.Kh1 Ke7 35.f6+ Kf8 36.Qh7 Qd7
37.Qxh6+ Kf7 38.Qh5+ Kf8 39.Nc5 Qd5+ 40.Qxd5 exd5 41.f7 Rg6 42.Rde1  1-0

[Event "TCh-SWE Elitserien 2013-14"]
[Site "Sweden SWE"]
[Date "2013.11.23"]
[Round "2.2"]
[White "Dragicevic,Draz"]
[Black "Thorgeirsson,S"]
[Result "1-0"]
[WhiteElo "2302"]
[BlackElo "2217"]

1.Nf3 d5 2.g3 c6 3.Bg2 Bg4 4.d4 Nd7 5.O-O e6 6.h3 Bxf3 7.Bxf3 Bd6 8.e4 dxe4
9.Bxe4 Ngf6 10.Bg2 O-O 11.c4 Re8 12.Nc3 Rc8 13.Be3 Bb8 14.Qb3 Qc7 15.Rfd1 Nf8
16.d5 e5 17.d6 Qd7 18.c5 Ne6 19.Qc4 Qd8 20.b4 Nd7 21.Rab1 a6 22.a4 Ba7 23.a5 Qf6
24.Ne4 Qg6 25.g4 Rcd8 26.Ng3 Nef8 27.Be4 Qf6 28.Nf5 Ng6 29.Qc2 Ndf8 30.g5 Qe6
31.Nxg7 Qxh3 32.Bf5 Qh4 33.Nxe8 Rxe8 34.Qe4 Nf4 35.Bxf4 exf4 36.Qxe8 Qxg5+
37.Kh2 Qh4+ 38.Kg2  1-0

[Event "Great Hopes GM 2013"]
[Site "Budapest HUN"]
[Date "2013.11.24"]
[Round "8.3"]
[White "Vajda,Le"]
[Black "Sevian,Samuel"]
[Result "1-0"]
[WhiteElo "2594"]
[BlackElo "2384"]

1.Nf3 d5 2.g3 c6 3.Bg2 Bg4 4.O-O Nd7 5.d4 Ngf6 6.Nc3 e6 7.h3 Bh5 8.Bf4 Be7
9.Re1 O-O 10.e4 Qb6 11.e5 Ne8 12.Qd2 Nc7 13.a3 a5 14.h4 Bg6 15.Bf1 Na6 16.Bd3 c5
17.Bxg6 fxg6 18.dxc5 Naxc5 19.Nd4 Kh8 20.Kg2 Rf7 21.f3 h6 22.Ncb5 a4 23.Rab1 Nf8
24.Nd6 Bxd6 25.exd6 Re8 26.Qb4 Ncd7 27.Qxb6 Nxb6 28.b3 Rd7 29.Nb5 Rc8 30.Re2 Kg8
31.Be3 Na8 32.bxa4 Kf7 33.Bd4 g5 34.hxg5 hxg5 35.a5 Rc6 36.Bc3 Ra6 37.Bb4 b6
38.Nd4 bxa5 39.Bc5 a4 40.Rb8 g6 41.g4 Ra5 42.Nb5 e5 43.Rxe5 Ne6 44.Bb4 Ra6
45.Rh8 Nb6 46.Nd4 Kg7 47.Rb8 Nf4+ 48.Kg3 Rf7 49.Bc3 Nd7 50.Ne6+ Nxe6 51.Rxe6+ d4
52.Bxd4+ Kh6 53.Rh8+ Rh7 54.Re2 Nf6 55.Bxf6 Rxh8 56.Rh2+  1-0

[Event "ch-VIE 2013"]
[Site "Ho Chi Minh City VIE"]
[Date "2013.11.24"]
[Round "8.4"]
[White "Nguyen,Anh Khoi"]
[Black "Nguyen Van Huy"]
[Result "1-0"]
[WhiteElo "2102"]
[BlackElo "2427"]

1.Nf3 d5 2.g3 c6 3.Bg2 g6 4.O-O Bg7 5.c4 dxc4 6.Na3 Qd5 7.Qa4 Nd7 8.Qxc4 Qh5
9.Rb1 Nb6 10.Qc2 Bh3 11.b4 Bxg2 12.Kxg2 Rc8 13.Bb2 Bxb2 14.Qxb2 Nf6 15.Rfc1 O-O
16.Nc4 Nxc4 17.Rxc4 Qd5 18.d3 Rc7 19.Rbc1 Rfc8 20.a4 Nd7 21.Rd4 Qe6 22.Rh4 Qf6
23.Qd2 Nf8 24.Qe3 b6 25.Ne5 Qe6 26.Rhc4 Qd5+ 27.Kg1 Ne6 28.h4 b5 29.axb5 cxb5
30.Rxc7 Rxc7 31.Rxc7 Nxc7 32.Nf3 Qd6 33.Qxa7 Nd5 34.Qb7 Nxb4 35.Qxb5 h6 36.Ne5 Qd5
37.Qe8+ Kg7 38.Qxe7 Nc2 39.Nd7  1-0

[Event "British Rapidplay 2013"]
[Site "Leeds ENG"]
[Date "2013.11.24"]
[Round "9.1"]
[White "Ghasi,A"]
[Black "Burns-Mannion,S"]
[Result "1/2-1/2"]
[WhiteElo "2466"]
[BlackElo "2375"]

1.Nf3 d5 2.g3 c6 3.Bg2 Nf6 4.b3 Bf5 5.Bb2 e6 6.d3 h6 7.Nbd2 Be7 8.O-O O-O
9.c4 Nbd7 10.a3 a5 11.Qc2 Bh7 12.Bc3 b5 13.cxb5 cxb5 14.Qb2 Qb6 15.b4 a4
16.Bd4 Qb7 17.Rac1 Rac8 18.Ne5 Nxe5 19.Bxe5 Rxc1 20.Rxc1 Rc8 21.Rxc8+ Qxc8
22.Nf3 Ne8 23.Bh3 Bd6 24.Bxd6 Nxd6 25.Qe5 Qc7 26.Nd4 Bg6 27.Kg2 Ne8 28.Qxc7 Nxc7
29.f4 Kf8 30.Kf3 Ke7 31.e4 dxe4+ 32.dxe4 f6 33.e5 fxe5 34.fxe5 Be8 35.Ke3 Nd5+
36.Kd2 Nc7 37.Bg2 Bd7 38.Ke3 Be8 39.Ne2 Kd8 40.Kd4 Na6 41.Nf4 Bd7 42.Nh5 g5
43.Nf6 Kc7 44.Bf1 Bc6 45.Bh3 Bd7 46.Bf1 Bc6 47.g4 Nb8 48.Kc5 Na6+ 49.Kd4 Nb8
50.Be2 Kb6 51.Ng8 Bd5 52.Nxh6 Nc6+ 53.Kc3 Nxe5 54.Kd4  1/2-1/2

[Event "29th Voivoda Cup"]
[Site "Legnica POL"]
[Date "2013.11.24"]
[Round "5"]
[White "Romanishin,O"]
[Black "Dastan,B"]
[Result "1/2-1/2"]
[WhiteElo "2497"]
[BlackElo "2410"]

1.Nf3 d5 2.g3 Nf6 3.Bg2 c6 4.O-O Bg4 5.c4 e6 6.d3 Nbd7 7.Be3 dxc4 8.dxc4 Bc5
9.Bxc5 Nxc5 10.Qc1 Qb6 11.Nc3 O-O 12.h3 Bh5 13.g4 Bg6 14.Ne5 Nfd7 15.Nxg6 hxg6
16.Rb1 a5 17.b3 e5 18.Qc2 Ne6 19.e3 f5 20.a3 e4 21.b4 axb4 22.Rxb4 Qc7 23.c5 Ndxc5
24.a4 Nd3 25.Rbb1 Nec5 26.gxf5 gxf5 27.f3 Qg3 28.Ne2 Qg5 29.Nf4 Nxf4 30.exf4 Qe7
31.fxe4 fxe4 32.Rb4 e3 33.Rc4 b6 34.Re1 Qh4 35.Rxe3 Rxf4 36.Rxf4 Qxf4 37.Qa2+ Kh8
38.Qe2  1/2-1/2

[Event "73rd ch-ITA"]
[Site "Rome ITA"]
[Date "2013.11.24"]
[Round "4.6"]
[White "Dvirnyy,D"]
[Black "Rombaldoni,D"]
[Result "1-0"]
[WhiteElo "2560"]
[BlackElo "2462"]

1.Nf3 d5 2.g3 c6 3.c4 Bg4 4.Bg2 e6 5.cxd5 exd5 6.O-O Nd7 7.d3 Ngf6 8.Nc3 Bd6
9.h3 Bxf3 10.Bxf3 O-O 11.e4 dxe4 12.dxe4 Qc7 13.Bg2 Rad8 14.f4 Bc5+ 15.Kh2 h5
16.Qe2 Rfe8 17.Kh1 Bd4 18.Bd2 Qc8 19.Rad1 Nc5 20.e5 Qf5 21.Be3 Nfe4 22.Nxe4 Nxe4
23.Kh2 Nxg3 24.Kxg3 Bxe5 25.Rxd8 Rxd8 26.fxe5 Qxe5+ 27.Kf2 Re8 28.Re1 Qh2
29.Qf3 Qe5 30.Re2 b6 31.Bxb6  1-0

[Event "ch-VIE w 2013"]
[Site "Ho Chi Minh City VIE"]
[Date "2013.11.25"]
[Round "9.1"]
[White "Luong Phuong Hanh"]
[Black "Pham Thi Thu Hien"]
[Result "0-1"]
[WhiteElo "2098"]
[BlackElo "2138"]

1.Nf3 d5 2.g3 Nf6 3.Bg2 c6 4.O-O Bf5 5.b3 e6 6.Bb2 Nbd7 7.d3 Bc5 8.Nbd2 O-O
9.Qe1 h6 10.e4 Bg6 11.Kh1 Qb6 12.e5 Ne8 13.d4 Be7 14.c4 Bd3 15.c5 Qa6 16.Rg1 b6
17.b4 Qa4 18.Qe3 Bc2 19.Qc3 bxc5 20.Rgc1 Bf5 21.bxc5 Rb8 22.Nb3 f6 23.Qe3 Nc7
24.Bc3 Nb5 25.Be1 Na3 26.Qc3 fxe5 27.dxe5 Nc4 28.Nbd4 Nxc5 29.Nxf5 Rxf5 30.Nd4 Rxe5
31.Nxc6 Qxc6 32.Qxc4 dxc4 33.Bxc6 Nd3 34.Rd1 Bf6 35.Ba4 Re2 36.Rac1 Nxc1
37.Rxc1 Rxa2 38.Bd7 Re2 39.Kg2 Rb7 40.Bc6 Rbb2 41.Bf3 Rec2 42.Rd1 c3 43.Bg4 Rb6
44.Ra1 a6 45.Bf3 Rcb2 46.Be4 c2 47.Ba5 R6b5  0-1

[Event "2nd Hyderabad GM Open 2013"]
[Site "Hyderabad IND"]
[Date "2013.11.25"]
[Round "2.2"]
[White "Pantsulaia,L"]
[Black "Himanshu,Sh"]
[Result "1/2-1/2"]
[WhiteElo "2595"]
[BlackElo "2359"]

1.Nf3 d5 2.g3 Nf6 3.Bg2 Nbd7 4.c4 e6 5.O-O dxc4 6.Qc2 Nb6 7.Na3 Bxa3 8.bxa3 Bd7
9.Ne5 Ba4 10.Qc3 c6 11.Bb2 Bb5 12.Ng4 Nbd7 13.a4 Bxa4 14.Nxf6+ Nxf6 15.Ba3 Bb5
16.Rab1 Qd7 17.Rfc1 h5 18.Bf3 h4 19.g4 h3 20.Qe5 Ba6 21.g5 Nd5 22.Qxg7 O-O-O
23.Kh1 Rhg8 24.Qe5 Qc7 25.Qd4 b6 26.Rg1 c5 27.Qh4 Nf4 28.Rg4 e5 29.Bb2 Bb7
30.Rxf4 exf4 31.Qxh3+ Kb8 32.Bc3 Rde8 33.Qg2 Rxe2 34.h4 Bxf3 35.Qxf3 Re6
36.Rg1 Reg6 37.Rg4 b5 38.Rxf4 Qc6 39.Qxc6 Rxc6 40.Rxf7 Re6 41.Kg2 b4 42.Bf6 a5
43.a4 c3 44.dxc3 b3 45.c4 Ka8 46.Kf3 Rb6 47.Bb2 Rb4 48.Rg7 Rf8+ 49.Kg3 Rxc4
50.g6 Rcf4 51.h5 Rxf2 52.Be5 R2f5 53.Re7 Rxh5 54.g7 Rg5+ 55.Kh4 Rff5 56.Bb2 Rg2
57.Re8+ Kb7 58.g8=Q Rf4+ 59.Kh3 Rxg8 60.Rxg8 Rxa4 61.Rg2 Kc6 62.Kg3 Ra2 63.Kf3 a4
64.Ke3 Kb5 65.Rd2 Kc4 66.Bf6 Ra3 67.Bb2 Ra2 68.Bf6 Rxd2 69.Kxd2 a3 70.Bg7 Kb4
71.Bc3+ Kc4 72.Bf6 Kb4 73.Bc3+ Kb5 74.Bf6 Kc4 75.Bg7 Kd5 76.Kc3 c4 77.Kd2 Ke4
78.Bf8 b2 79.Kc2 a2 80.Kxb2 Kd3 81.Kxa2 c3 82.Bh6 c2 83.Kb2 Kc4  1/2-1/2

[Event "29th Voivoda Cup"]
[Site "Legnica POL"]
[Date "2013.11.25"]
[Round "7"]
[White "Romanishin,O"]
[Black "Maksimenko,An"]
[Result "1/2-1/2"]
[WhiteElo "2497"]
[BlackElo "2545"]

1.Nf3 d5 2.g3 Nf6 3.Bg2 c6 4.O-O Bg4 5.c4 e6 6.Qb3 Qb6 7.d3 Nbd7 8.Be3 Bc5
9.Bxc5 Nxc5 10.Qc3 Bxf3 11.Bxf3 d4 12.Qc2 e5 13.Nd2 O-O 14.a3 a5 15.b3 Rfe8
16.Rab1 Qc7 17.Ra1 Qb6 18.Rab1 Qc7 19.Ra1 Qb6 20.Rab1 Qc7  1/2-1/2

[Event "XXVII Belgrade Trophy"]
[Site "Obrenovac SRB"]
[Date "2013.11.25"]
[Round "2.28"]
[White "Popovic,AM"]
[Black "Petrovic,ZoZ"]
[Result "0-1"]
[WhiteElo "2313"]
[BlackElo "2082"]

1.Nf3 d5 2.g3 c5 3.Bg2 Nf6 4.O-O Nc6 5.d3 e6 6.Na3 Be7 7.c4 O-O 8.Bf4 b6
9.e4 Bb7 10.cxd5 exd5 11.e5 Ne8 12.d4 c4 13.h4 Nc7 14.Bg5 b5 15.Nc2 Ne6 16.Bxe7 Nxe7  0-1

[Event "XXVII Belgrade Trophy"]
[Site "Obrenovac SRB"]
[Date "2013.11.25"]
[Round "2.9"]
[White "Radosavljevic,SD"]
[Black "Firat,B"]
[Result "1-0"]
[WhiteElo "2226"]
[BlackElo "2435"]

1.Nf3 d5 2.g3 Nf6 3.Bg2 c6 4.d3 h6 5.O-O Bf5 6.Nbd2 e6 7.Qe1 Be7 8.e4 Bh7
9.Qe2 O-O 10.Re1 c5 11.exd5 Nxd5 12.Ne5 Qc7 13.Ndc4 Bd8 14.h4 Na6 15.a4 Kh8
16.h5 Qe7 17.c3 Bc7 18.Bxd5 exd5 19.Ng6+ fxg6 20.Qxe7 dxc4 21.dxc4 gxh5 22.Re6 Bg8
23.Rxa6 Rf7 24.Qe4 Raf8 25.Rxa7 Bh7 26.Qxb7 Rxf2 27.Bf4 R2xf4 28.gxf4 Rxf4
29.Ra8+ Bg8 30.Qxc7 Rg4+ 31.Kf2 Kh7 32.Rxg8  1-0